| 000 | 00403nam a22001577a 4500 | ||
|---|---|---|---|
| 005 | 20180801142559.0 | ||
| 008 | 160517b xxu||||| |||| 00| 0 eng d | ||
| 041 | _aeng | ||
| 082 |
_b2574 _a658.3 |
||
| 100 |
_aC.B. Mamoria and S.V. Gankar _94669 |
||
| 245 | _aPersonnel Management | ||
| 260 |
_aNew Delhi _bHimalaya Publishing House, _c1980 |
||
| 300 | _a898p, | ||
| 650 |
_aManagement _9241 |
||
| 942 | _cBK | ||
| 999 |
_c948 _d948 |
||